Zmluva o dielo

Z obsahu prílohy: Minimum náležitostí daných zákonodarcom. Postup pri uzavieraní zmluvy. Písomná forma, preddavky, vlastníctvo. Cena za dielo. Vykonanie diela zhotoviteľom. Odovzdanie dokončeného diela. Výsledky a postup skúšok. Vady diela.

Guardado en:
Detalles Bibliográficos
Autor principal: Škrinár, A.
Formato: Capítulo de libro
Lenguaje:eslovaco
Materias:
Etiquetas: Agregar Etiqueta
Sin Etiquetas, Sea el primero en etiquetar este registro!

MARC

LEADER 00000naa a2200000 4500
001 r018731
005 20221213100050.5
041 0 |a slo 
044 |a SK 
245 1 0 |a Zmluva o dielo  |c A. Škrinár 
520 |a Z obsahu prílohy: Minimum náležitostí daných zákonodarcom. Postup pri uzavieraní zmluvy. Písomná forma, preddavky, vlastníctvo. Cena za dielo. Vykonanie diela zhotoviteľom. Odovzdanie dokončeného diela. Výsledky a postup skúšok. Vady diela. 
610 2 0 |a Slovensko 
610 2 0 |a právo obchodné 
610 2 0 |a zmluvy o dielo 
610 2 0 |a zákonník obchodný 
100 1 |a Škrinár, A.